La declinación del imperialismo norteamericano y la revolución en centroamérica /
Збережено в:
| Автор: | |
|---|---|
| Інші автори: | |
| Формат: | Текст |
| Мова: | Spanish |
| Предмети: | |
| Теги: |
Додати тег
Немає тегів, Будьте першим, хто поставить тег для цього запису!
|
MARC
| LEADER | 00000 a a2200000 04500 | ||
|---|---|---|---|
| 001 | 43577 | ||
| 003 | cru CRAI/IIS | ||
| 005 | 20210511154749.0 | ||
| 008 | 210511b |||||||| |||| 00| 0 spa d | ||
| 040 | |c cru CRAI/IIS | ||
| 100 | |a Jonas, Susanne | ||
| 245 | 1 | 3 | |a La declinación del imperialismo norteamericano y la revolución en centroamérica / |c Susanne Jonas ; Marlenne Dixon |
| 500 | |a Colección Centroamérica | ||
| 650 | |a IMPERIALISMO | ||
| 650 | |a ESTADOS UNIDOS | ||
| 650 | |a CLASE DIRIGENTE | ||
| 650 | |a RELACIONES INTERNACIONALES | ||
| 700 | |a Dixon, Marlenne | ||
| 773 | |g volumen9, número27 ( , 1980), páginas 161-167 | ||
| 773 | 0 | |0 18875 |9 5349 |a Universidad de Costa Rica. |d San José, Costa Rica: Universidad de Costa Rica. Consejo Superior Universitario Centroamericano, 1972- |o 14371 |t Estudios Sociales Centroamericanos / |x 03039676 | |
| 942 | |2 ddc |c PP | ||
| 999 | |c 31208 |d 31208 | ||
